Teoría de la dependencia /
Guardado en:
| Formato: | Libro |
|---|---|
| Publicado: |
Buenos Aires :
Emecé,
1976
|
| Materias: | |
| Etiquetas: |
Agregar Etiqueta
Sin Etiquetas, Sea el primero en etiquetar este registro!
|
| LEADER | 00952nam a22001815a 4500 | ||
|---|---|---|---|
| 001 | CEM.cems012219 | ||
| 005 | 20060901183645.0 | ||
| 008 | 130507s1976##################000#0#####d | ||
| 003 | CEMS | ||
| 082 | 0 | 4 | |a 330.9 |
| 245 | 0 | 0 | |a Teoría de la dependencia / |c Luis García Martínez |
| 260 | |a Buenos Aires : |b Emecé, |c 1976 | ||
| 300 | |a 190 p. | ||
| 505 | 0 | |a Análisis de un intento de evasión del Tercer Mundo -- Concepción del mundo y revolución industrial -- Los cambios tecnológicos y la creación de una economia mundial -- La crisis del treinta y la modificación de la estructura productiva del Tercer Mundo -- La nueva etapa de la sustitución de importaciones, las empresas multinacionales y la dependencia tecnológica -- El Tercer Mundo reclama el fortalecimiento de la división internacional del trabajo | |
| 653 | |a Economía | ||
| 653 | |a Tercer mundo-economía | ||
| 653 | |a Ensayo | ||
| 859 | |a CEMS |b BIB. CEMS - 11 de abril |h 330.9 |i G165 |p 23163.05 |t Ej.1 | ||
